[Event "2.BLO 1516 Nickelhütte Aue - SG Leipzi"]
[Site "?"]
[Date "2015.12.12"]
[Round "5.8"]
[White "Schnabel, Ralf"]
[Black "Schultz, Andreas"]
[Result "1/2-1/2"]
[WhiteElo "2266"]
[BlackElo "2258"]
[PlyCount "112"]
[EventDate "2015.??.??"]

1. e4 e6 2. d4 d5 3. Nd2 c5 4. exd5 Qxd5 5. Ngf3 cxd4 6. Bc4 Qd6 7. O-O Nf6 8.
Nb3 Nc6 9. Nbxd4 Nxd4 10. Qxd4 Bd7 11. Qh4 Qc7 12. b3 Bd6 13. Bb2 O-O-O 14.
Rfe1 Bc6 15. Ne5 Bd5 16. Bxd5 exd5 17. c4 Rhe8 18. cxd5 Bxe5 19. Bxe5 Rxe5 20.
Rec1 Rexd5 21. Rxc7+ Kxc7 22. h3 R8d6 23. Re1 Kd8 24. Qg3 Ne8 25. Qh4+ Nf6 26.
Qg3 Ne8 27. Qe3 Re6 28. Qc3 Rxe1+ 29. Qxe1 h5 30. g3 Nd6 31. Qe2 g6 32. Kg2 a6
33. f3 Kd7 34. g4 Kd8 35. Kg3 Kd7 36. Qe3 Kd8 37. b4 Kd7 38. Kh4 Kd8 39. Qb3
Rd4 40. Kg5 hxg4 41. fxg4 Ke7 42. a3 Re4 43. Qc3 Kd7 44. Qf3 Re6 45. Kh6 Ke7
46. Qd5 Kd7 47. Qd4 Ke7 48. Kh7 g5 49. Qc5 Rg6 50. Qd5 Kd7 51. a4 Ke7 52. Qc5
Kf8 53. Qe5 Ne8 54. Qc5+ Nd6 55. a5 Rg7+ 56. Kh6 Rg6+ 1/2-1/2

[Event "2.BLO 1516 Bindl Aktionär - AE Magdebu"]
[Site "?"]
[Date "2015.12.12"]
[Round "5.1"]
[White "Degtiarev, Evgeny"]
[Black "Bindrich, Falko"]
[Result "0-1"]
[WhiteElo "2424"]
[BlackElo "2583"]
[PlyCount "80"]
[EventDate "2015.??.??"]

1. d4 Nf6 2. c4 e6 3. Nf3 b6 4. Nc3 Bb4 5. Bd2 Bb7 6. e3 O-O 7. Bd3 d6 8. a3
Bxc3 9. Bxc3 Ne4 10. Bxe4 Bxe4 11. O-O f5 12. Qe2 Nd7 13. Nd2 Bb7 14. e4 fxe4
15. Nxe4 Qh4 16. f3 Rae8 17. Be1 Qh5 18. Ng3 Qg6 19. Rc1 e5 20. d5 Nc5 21. Rc3
c6 22. b4 Nd7 23. dxc6 Bxc6 24. Bd2 Re6 25. Re1 Qf7 26. Ne4 Rg6 27. Rd3 d5 28.
Ng5 Qf5 29. g4 Rxg5 30. Bxg5 Qxg5 31. Rb3 d4 32. Qg2 Qf4 33. Rf1 Qf7 34. Qe2 b5
35. cxb5 Bd5 36. Rbb1 Bc4 37. Qe4 Bxf1 38. Rxf1 Re8 39. Rc1 Nf6 40. Qd3 Nd5 0-1

[Event "2.BLO 1516 Bindl Aktionär - AE Magdebu"]
[Site "?"]
[Date "2015.12.12"]
[Round "5.2"]
[White "Petr, Martin"]
[Black "Andre, Gordon"]
[Result "1-0"]
[WhiteElo "2510"]
[BlackElo "2267"]
[PlyCount "75"]
[EventDate "2015.??.??"]

1. Nf3 Nf6 2. d4 d5 3. e3 e6 4. Bd3 c5 5. O-O Nc6 6. b3 Bd6 7. Bb2 cxd4 8. exd4
O-O 9. Nbd2 a6 10. c4 dxc4 11. bxc4 b5 12. c5 Bxc5 13. Bxh7+ Nxh7 14. dxc5 Bb7
15. Qe2 Qd5 16. Qe3 Ne7 17. Rfe1 Nf5 18. Qc3 f6 19. Ne4 Rfd8 20. g4 Ne7 21. g5
Qf5 22. gxf6 Nd5 23. Qe5 Nf4 24. Qxf5 exf5 25. f7+ Kf8 26. Neg5 Nh3+ 27. Nxh3
Bxf3 28. Re3 Bc6 29. Rg3 Nf6 30. Ng5 Bd5 31. Re1 Nh5 32. Rge3 Bxf7 33. c6 Rac8
34. Re7 Bg6 35. c7 Re8 36. Ba3 Rxe7 37. Rxe7 Nf4 38. Bd6 1-0

[Event "2.BLO 1516 Bindl Aktionär - AE Magdebu"]
[Site "?"]
[Date "2015.12.12"]
[Round "5.3"]
[White "Woellermann, Jan"]
[Black "Neuman, Petr"]
[Result "1/2-1/2"]
[WhiteElo "2310"]
[BlackElo "2426"]
[PlyCount "109"]
[EventDate "2015.??.??"]

1. d4 d5 2. c4 c6 3. Nc3 Nf6 4. Nf3 a6 5. c5 Nbd7 6. Bf4 Nh5 7. Qd2 b6 8. e4
bxc5 9. exd5 Nxf4 10. Qxf4 cxd4 11. dxc6 Nf6 12. Rd1 e6 13. Qxd4 Qxd4 14. Rxd4
Bc5 15. Rc4 Bd6 16. Be2 Rb8 17. b3 Rb4 18. O-O Rxc4 19. Bxc4 Kd8 20. Ng5 Rf8
21. Nce4 Nxe4 22. Nxe4 Ba3 23. Be2 Kc7 24. Nd2 e5 25. Nc4 Bc5 26. Rb1 Bd4 27.
Rc1 f5 28. b4 Rf6 29. Ne3 Rxc6 30. Nd5+ Kd6 31. Rxc6+ Kxc6 32. Ne7+ Kc7 33.
Nxc8 Kxc8 34. Bxa6+ Kc7 35. Bd3 e4 36. Bc4 Kd6 37. Kf1 Bc3 38. a3 Bb2 39. a4
Bc3 40. b5 Ba5 41. Ke2 Ke5 42. f3 exf3+ 43. Kxf3 g5 44. Ke3 f4+ 45. Kd3 g4 46.
Bf7 g3 47. hxg3 fxg3 48. Kc4 Kd6 49. Kd4 Kc7 50. Kc5 Kb7 51. Bd5+ Ka7 52. Bf3
h6 53. Be4 Bd8 54. Kb4 Be7+ 55. Kc4 1/2-1/2

[Event "2.BLO 1516 Bindl Aktionär - AE Magdebu"]
[Site "?"]
[Date "2015.12.12"]
[Round "5.4"]
[White "Cech, Pavel"]
[Black "Melamed, Tatjana"]
[Result "1-0"]
[WhiteElo "2376"]
[BlackElo "2296"]
[PlyCount "97"]
[EventDate "2015.??.??"]

1. e4 c5 2. Nf3 e6 3. b3 b6 4. c4 Bb7 5. Nc3 Nc6 6. Bb2 d6 7. d4 cxd4 8. Nxd4
Nf6 9. Be2 Be7 10. O-O O-O 11. Qd2 a6 12. Rad1 Qc7 13. Kh1 Nxd4 14. Qxd4 Qc5
15. Qxc5 bxc5 16. f3 Rfd8 17. Rd2 Nd7 18. f4 Nb8 19. Rfd1 Nc6 20. Na4 f6 21. e5
dxe5 22. Rd7 Rab8 23. fxe5 fxe5 24. Bg4 Rxd7 25. Bxe6+ Kf8 26. Bxd7 Nd4 27. Ba3
Bd6 28. Bxc5 Ke7 29. Bg4 Rf8 30. Kg1 Rf4 31. h3 g6 32. Rf1 Re4 33. Bxd6+ Kxd6
34. Rf7 Ba8 35. c5+ Kc6 36. Bd7+ Kd5 37. Nb6+ Kxc5 38. Nxa8 Re1+ 39. Rf1 Re2
40. Rf2 Re1+ 41. Rf1 Re2 42. Nc7 Kd6 43. Bg4 Rxa2 44. Nxa6 h5 45. Nb4 Rd2 46.
Rd1 Rb2 47. Bf3 Rxb3 48. Nc6 Rxf3 49. Nxd4 1-0

[Event "2.BLO 1516 Bindl Aktionär - AE Magdebu"]
[Site "?"]
[Date "2015.12.12"]
[Round "5.5"]
[White "Paul, Johannes"]
[Black "Krensing, Jan"]
[Result "0-1"]
[WhiteElo "2291"]
[BlackElo "2328"]
[PlyCount "80"]
[EventDate "2015.??.??"]

1. Nf3 c5 2. e4 Nc6 3. d4 cxd4 4. Nxd4 g6 5. c4 Bg7 6. Be3 Nf6 7. Nc3 O-O 8.
Be2 d6 9. O-O Nxd4 10. Bxd4 Bd7 11. b4 a5 12. a3 Be6 13. Qd3 Nd7 14. Bxg7 Kxg7
15. Nd5 Kg8 16. Rfe1 Bxd5 17. exd5 axb4 18. axb4 Rxa1 19. Rxa1 Qb6 20. Qc3 Rc8
21. Bg4 f5 22. Be2 Nf6 23. Bf3 Qc7 24. Rc1 Nd7 25. Qe3 Ne5 26. Be2 Qd7 27. c5
Nf7 28. Bf3 dxc5 29. bxc5 Qc7 30. Qe6 Kf8 31. h4 Rd8 32. Qe3 Qe5 33. Qd2 Qf6
34. Qa5 Qb2 35. Re1 Rc8 36. c6 Ne5 37. Be2 bxc6 38. Ba6 Ra8 39. Qc7 Rxa6 40.
Rxe5 Qc1+ 0-1

[Event "2.BLO 1516 Bindl Aktionär - AE Magdebu"]
[Site "?"]
[Date "2015.12.12"]
[Round "5.6"]
[White "Wall, Gavin"]
[Black "Schoene, Maria"]
[Result "1-0"]
[WhiteElo "2333"]
[BlackElo "2274"]
[PlyCount "75"]
[EventDate "2015.??.??"]

1. e4 d6 2. d4 Nf6 3. Nc3 g6 4. h4 Bg7 5. Be2 c5 6. d5 O-O 7. h5 b5 8. hxg6
hxg6 9. Bxb5 Qa5 10. f3 Ba6 11. Bxa6 Nxa6 12. Nge2 Rab8 13. Rb1 Nc7 14. Bh6
Bxh6 15. Rxh6 Kg7 16. Qd2 Rh8 17. Rxh8 Rxh8 18. Kf2 e5 19. dxe6 Nxe6 20. Qxd6
c4 21. Nf4 Nxf4 22. Qxf4 Nh5 23. Qe3 Qe5 24. Ne2 Qh2 25. Qd4+ Kg8 26. e5 Ng7
27. Qd8+ Kh7 28. Qf6 Re8 29. Nf4 Kg8 30. Rd1 Nh5 31. Nxh5 Qxh5 32. Rd7 g5 33.
Kg1 Qg6 34. Qxg6+ fxg6 35. Rxa7 Rxe5 36. Rc7 Ra5 37. Rxc4 Rxa2 38. b4 1-0

[Event "2.BLO 1516 Bindl Aktionär - AE Magdebu"]
[Site "?"]
[Date "2015.12.12"]
[Round "5.7"]
[White "Hansch, Karsten"]
[Black "Havlikova, Kristyna"]
[Result "1/2-1/2"]
[WhiteElo "2255"]
[BlackElo "2324"]
[PlyCount "107"]
[EventDate "2015.??.??"]

1. c4 e5 2. g3 Nf6 3. Bg2 Nc6 4. Nc3 Bc5 5. e3 O-O 6. Nge2 d6 7. O-O a6 8. d4
Ba7 9. h3 Re8 10. d5 Nb8 11. Kh2 h6 12. Qc2 Qe7 13. e4 c6 14. Nd1 Qc7 15. Be3
Nbd7 16. Bxa7 Rxa7 17. Ne3 a5 18. Nc3 Nc5 19. b3 Bd7 20. Rfd1 Raa8 21. Rab1
Rad8 22. f3 cxd5 23. Nexd5 Nxd5 24. Nxd5 Qb8 25. Qd2 a4 26. Nc3 axb3 27. axb3
Bc6 28. b4 Na4 29. b5 Nxc3 30. Qxc3 Bd7 31. Qb4 Be6 32. Rb2 Qc7 33. Bf1 Qc5 34.
Kg2 Kf8 35. h4 Ke7 36. Qxc5 dxc5 37. Ra1 Ra8 38. Rba2 Rxa2+ 39. Rxa2 Kd7 40.
Kf2 Kc7 41. Ke3 Rd8 42. Bd3 g5 43. hxg5 hxg5 44. g4 Rh8 45. Be2 Kb6 46. Ra1 Rh3
47. Kd2 Rh2 48. Ra4 Rh1 49. Bd3 Rh3 50. Be2 Rh2 51. Ke1 Rh1+ 52. Kd2 Rb1 53.
Kc3 Rh1 54. Kd2 1/2-1/2

[Event "2.BLO 1516 Bindl Aktionär - AE Magdebu"]
[Site "?"]
[Date "2015.12.12"]
[Round "5.8"]
[White "Wetscherek, Andreas"]
[Black "Hansch, Stephan"]
[Result "1-0"]
[WhiteElo "2319"]
[BlackElo "2146"]
[PlyCount "67"]
[EventDate "2015.??.??"]

1. Nf3 d5 2. g3 Nf6 3. Bg2 e6 4. O-O Be7 5. d4 O-O 6. b3 b6 7. c4 Bb7 8. Bb2
dxc4 9. bxc4 c5 10. e3 Nbd7 11. Nbd2 Qc7 12. Rc1 Rac8 13. Qe2 Ne4 14. Rfd1 Ndf6
15. Nb3 Ng4 16. Rf1 Rfd8 17. Ne5 Ngf6 18. Rfd1 Nd7 19. Nxd7 Rxd7 20. d5 exd5
21. Bxe4 dxe4 22. Qg4 Rxd1+ 23. Rxd1 Bf8 24. Rd7 Qc6 25. Qf5 f6 26. Bxf6 g6 27.
Qh3 h5 28. Be5 Ba6 29. Nd2 Re8 30. Rc7 Qa4 31. Nxe4 Qd1+ 32. Kg2 Bd6 33. Nf6+
Kf8 34. Qd7 1-0

[Event "2.BLO 1516 SC Garching - SK Göggingen"]
[Site "?"]
[Date "2015.12.12"]
[Round "5.1"]
[White "Rozentalis, Eduardas"]
[Black "Stocek, Jiri"]
[Result "1-0"]
[WhiteElo "2570"]
[BlackElo "2550"]
[PlyCount "117"]
[EventDate "2015.??.??"]

1. e4 d6 2. d4 Nf6 3. Nc3 g6 4. Nf3 Bg7 5. Be2 O-O 6. O-O Bg4 7. Be3 Nc6 8. Nd2
Bxe2 9. Qxe2 e5 10. d5 Ne7 11. f4 exf4 12. Bxf4 c6 13. Bg5 Nd7 14. Nc4 Nb6 15.
dxc6 bxc6 16. Rad1 Nxc4 17. Qxc4 Qb6+ 18. Kh1 Nc8 19. b3 a5 20. Bf6 Bxf6 21.
Rxf6 Ra7 22. e5 Kg7 23. Rdf1 Qb4 24. exd6 Qxc4 25. bxc4 Nb6 26. R6f4 c5 27. g4
Re8 28. Ne4 Re6 29. g5 h6 30. d7 Nxd7 31. Rxf7+ Kg8 32. Nxc5 Re1 33. Rxe1 Kxf7
34. Nxd7 Rxd7 35. gxh6 Kf6 36. c5 Rc7 37. c4 Rxc5 38. Re8 Rh5 39. Rh8 Rh4 40.
c5 Kg5 41. Ra8 Rxh6 42. c6 Rh7 43. Rxa5+ Kf6 44. Rc5 Rc7 45. a4 Ke7 46. Kg2 Kd8
47. a5 Kc8 48. Kg3 Re7 49. c7 Re4 50. a6 Ra4 51. Rc6 g5 52. h3 Ra3+ 53. Kg4 Ra5
54. Rc4 Rxa6 55. Kxg5 Ra1 56. h4 Rg1+ 57. Kf5 Rf1+ 58. Kg5 Rg1+ 59. Kh6 1-0

[Event "2.BLO 1516 SC Garching - SK Göggingen"]
[Site "?"]
[Date "2015.12.12"]
[Round "5.2"]
[White "Krivoborodov, Egor"]
[Black "Nestorovic, Nikola"]
[Result "1/2-1/2"]
[WhiteElo "2517"]
[BlackElo "2475"]
[PlyCount "44"]
[EventDate "2015.??.??"]

1. e4 e5 2. Nf3 Nc6 3. Bb5 a6 4. Bxc6 dxc6 5. O-O f6 6. d4 Bg4 7. dxe5 Qxd1 8.
Rxd1 fxe5 9. Nbd2 O-O-O 10. Re1 Bd6 11. h3 Bh5 12. Nh4 Bf7 13. Ndf3 h6 14. Bd2
g6 15. Bc3 Re8 16. b3 Nf6 17. Bb2 Rhg8 18. c4 b6 19. Rad1 a5 20. Bc1 Rh8 21.
Bb2 Rhg8 22. Bc1 Rh8 1/2-1/2

[Event "2.BLO 1516 SC Garching - SK Göggingen"]
[Site "?"]
[Date "2015.12.12"]
[Round "5.3"]
[White "Stankovic, Milos"]
[Black "Loetscher, Roland"]
[Result "1/2-1/2"]
[WhiteElo "2416"]
[BlackElo "2426"]
[PlyCount "53"]
[EventDate "2015.??.??"]

1. e4 e5 2. Nf3 Nc6 3. Nc3 Nf6 4. Bb5 Bb4 5. O-O O-O 6. d3 d6 7. Bg5 Ne7 8. Nh4
c6 9. Ba4 Nd7 10. Ne2 Nc5 11. c3 Nxa4 12. Qxa4 Bc5 13. d4 Bb6 14. Rad1 h6 15.
Be3 exd4 16. Bxd4 Bc7 17. Ng3 Bd7 18. Qa3 Re8 19. Nh5 Ng6 20. Nf5 Bxf5 21. exf5
Nh4 22. f6 g6 23. Ng7 Qd7 24. h3 Re4 25. Rfe1 Rxe1+ 26. Rxe1 c5 27. Re4 1/2-1/2

[Event "2.BLO 1516 SC Garching - SK Göggingen"]
[Site "?"]
[Date "2015.12.12"]
[Round "5.4"]
[White "Koepke, Christian"]
[Black "Arnaudov, G. Petar"]
[Result "0-1"]
[WhiteElo "2323"]
[BlackElo "2464"]
[PlyCount "80"]
[EventDate "2015.??.??"]

1. e4 g6 2. d4 Bg7 3. Nc3 c6 4. Be3 d5 5. Qd2 dxe4 6. Nxe4 Nf6 7. Nxf6+ exf6 8.
Bc4 O-O 9. Ne2 Nd7 10. O-O Nb6 11. Bb3 a5 12. a3 a4 13. Ba2 Be6 14. Bxe6 fxe6
15. Qb4 Nd5 16. Qxb7 Qd6 17. c4 Rfb8 18. c5 Qxh2+ 19. Kxh2 Rxb7 20. Ra2 Rab8
21. Nc3 f5 22. Nxa4 f4 23. Bc1 Bxd4 24. b4 Ra8 25. Rd2 e5 26. Nb6 Nxb6 27. cxb6
Rxb6 28. Rd3 g5 29. g3 Rba6 30. gxf4 gxf4 31. Kg2 c5 32. bxc5 Bxc5 33. Rd5 Rg6+
34. Kf3 Bd4 35. Rh1 Rb8 36. Rh4 Ba1 37. Ke4 Rc8 38. Bd2 Rg5 39. Bb4 Rc4+ 40.
Kf3 e4+ 0-1

[Event "2.BLO 1516 SC Garching - SK Göggingen"]
[Site "?"]
[Date "2015.12.12"]
[Round "5.5"]
[White "Pitl, Gregory"]
[Black "Bredl, Harald"]
[Result "1-0"]
[WhiteElo "2397"]
[BlackElo "2350"]
[PlyCount "45"]
[EventDate "2015.??.??"]

1. d4 d5 2. Nf3 Bg4 3. Ne5 Be6 4. c4 Nd7 5. Qa4 dxc4 6. e4 c6 7. Nxd7 Qxd7 8.
Be3 b5 9. Qc2 f5 10. f3 g6 11. a4 Bg7 12. axb5 cxb5 13. Nc3 Nf6 14. d5 Bf7 15.
Ra5 fxe4 16. fxe4 Ng4 17. Bg1 e6 18. Bc5 Qc7 19. Rxb5 exd5 20. Be2 h5 21. Qa4
Qd7 22. Qa6 Be6 23. Rb7 1-0

[Event "2.BLO 1516 SC Garching - SK Göggingen"]
[Site "?"]
[Date "2015.12.12"]
[Round "5.6"]
[White "Levushkina, Elena"]
[Black "Rooze, Jan"]
[Result "0-1"]
[WhiteElo "2335"]
[BlackElo "2292"]
[PlyCount "82"]
[EventDate "2015.??.??"]

1. e4 c5 2. Nf3 e6 3. c3 Nf6 4. e5 Nd5 5. Bc4 d6 6. d4 cxd4 7. cxd4 Be7 8. O-O
O-O 9. Qe2 b6 10. Rd1 Bb7 11. Nbd2 Nf4 12. Qe3 Ng6 13. b3 Nc6 14. Bb2 Nb4 15.
Rdc1 Nd5 16. Qe4 Qd7 17. Qg4 b5 18. Bxd5 Bxd5 19. h4 f5 20. Qg3 dxe5 21. dxe5
Rfc8 22. h5 Nf8 23. Nf1 Qb7 24. Nd4 Nd7 25. Ne3 Nc5 26. Rd1 Ne4 27. Qh2 Rd8 28.
Rac1 Bg5 29. Qh3 Qb6 30. Qf3 Bb7 31. Qe2 f4 32. Ng4 f3 33. gxf3 Bxc1 34. fxe4
Bxb2 35. Qxb2 Bxe4 36. Kh2 Bf3 37. Nf6+ Kh8 38. Qc2 gxf6 39. Nxf3 Rxd1 40. Qxd1
Qxf2+ 41. Kh1 Rg8 0-1

[Event "2.BLO 1516 SC Garching - SK Göggingen"]
[Site "?"]
[Date "2015.12.12"]
[Round "5.7"]
[White "Kukov, Velislav"]
[Black "Seifert, Volker"]
[Result "1-0"]
[WhiteElo "2358"]
[BlackElo "2344"]
[PlyCount "81"]
[EventDate "2015.??.??"]

1. d4 e6 2. Nf3 Nf6 3. Bf4 b6 4. e3 Bb7 5. Nbd2 Be7 6. h3 c5 7. c3 cxd4 8. cxd4
O-O 9. Bd3 Nd5 10. Bh2 f5 11. a3 d6 12. Qe2 Qd7 13. O-O Nc6 14. Rfe1 Nd8 15. e4
fxe4 16. Nxe4 Nf7 17. Bb5 Bc6 18. Bxc6 Qxc6 19. Rac1 Qd7 20. Nc3 Nc7 21. Rc2
Nh6 22. Qe4 Rab8 23. Ne2 Nf5 24. Nf4 Rfc8 25. Rce2 Bf6 26. g4 d5 27. Qd3 Nd6
28. g5 Bd8 29. g6 hxg6 30. Ne5 Qe8 31. Nexg6 Nf5 32. Qf3 Nxd4 33. Qh5 Nxe2+ 34.
Rxe2 Bf6 35. Qh8+ Kf7 36. Qh5 Kg8 37. Nd3 e5 38. Bxe5 Qb5 39. Bxf6 Qxd3 40.
Qh8+ Kf7 41. Qxg7# 1-0

[Event "2.BLO 1516 SC Garching - SK Göggingen"]
[Site "?"]
[Date "2015.12.12"]
[Round "5.8"]
[White "Schmitz, Thorsten"]
[Black "Hausner, Ivan"]
[Result "1-0"]
[WhiteElo "2304"]
[BlackElo "2323"]
[PlyCount "49"]
[EventDate "2015.??.??"]

1. e4 e6 2. d4 d5 3. Nc3 Be7 4. Bd3 Nc6 5. Nf3 Nb4 6. Bb5+ c6 7. Be2 dxe4 8.
Nxe4 Nf6 9. Nxf6+ Bxf6 10. O-O O-O 11. c4 c5 12. a3 Na6 13. Be3 b6 14. Rb1 Qc7
15. b4 cxd4 16. Nxd4 Rd8 17. Qa4 Bb7 18. Rbd1 e5 19. Nf5 Nb8 20. Rxd8+ Qxd8 21.
Rd1 Qf8 22. Nd6 Bc6 23. b5 Be7 24. bxc6 Bxd6 25. c7 1-0

[Event "2.BLO 1516 MSA Zugzwang - SC Forchheim"]
[Site "?"]
[Date "2015.12.12"]
[Round "5.1"]
[White "Jansa, Vlastimil"]
[Black "Bromberger, Stefan"]
[Result "0-1"]
[WhiteElo "2460"]
[BlackElo "2521"]
[PlyCount "128"]
[EventDate "2015.??.??"]

1. e4 e5 2. Nf3 Nc6 3. Bb5 a6 4. Ba4 Nf6 5. O-O Be7 6. Re1 b5 7. Bb3 d6 8. c3
O-O 9. h3 Bb7 10. d4 Re8 11. Nbd2 Bf8 12. d5 Nb8 13. Nf1 Nbd7 14. N3h2 Nc5 15.
Bc2 c6 16. b4 Ncd7 17. dxc6 Bxc6 18. Bg5 h6 19. Bxf6 Nxf6 20. Ng4 Nh7 21. Bb3
a5 22. Ng3 Qc7 23. Rc1 Qb7 24. bxa5 Rxa5 25. Nf5 Ng5 26. h4 Nxe4 27. Rxe4 Bxe4
28. Nfxh6+ gxh6 29. Nf6+ Kh8 30. Nxe8 Qe7 31. Qg4 Bb7 32. Nxd6 Qxd6 33. Bxf7
Bg7 34. Rd1 Qf8 35. Qd7 Be4 36. Bb3 Kh7 37. Qc7 Ra8 38. f3 Rc8 39. Qd7 Bf5 40.
Qxb5 Rxc3 41. Qe2 Qf6 42. Qe1 Qc6 43. Bd5 Qc5+ 44. Kh2 Qb4 45. Qf2 Rc2 46. Qg3
Rd2 47. Rxd2 Qxd2 48. Bf7 Qd7 49. Bb3 Qe7 50. Qf2 e4 51. Bc2 Qe5+ 52. Kh1 Qf4
53. g3 Qc1+ 54. Kh2 Bd4 55. Qg2 Bg1+ 56. Qxg1 Qxc2+ 57. Qg2 exf3 58. Qxc2 Bxc2
59. g4 Kg6 60. Kg3 Be4 61. a4 Kf6 62. a5 Ke5 63. a6 Bd5 64. a7 Ke4 0-1

[Event "2.BLO 1516 MSA Zugzwang - SC Forchheim"]
[Site "?"]
[Date "2015.12.12"]
[Round "5.2"]
[White "Kindermann, Stefan"]
[Black "Seyb, Alexander"]
[Result "1-0"]
[WhiteElo "2512"]
[BlackElo "2425"]
[PlyCount "49"]
[EventDate "2015.??.??"]

1. d4 Nf6 2. Bg5 e6 3. e4 h6 4. Bxf6 Qxf6 5. c3 d6 6. Bd3 e5 7. Ne2 Nc6 8. O-O
Bd7 9. Bb5 a6 10. Ba4 b5 11. Bb3 Na5 12. f4 Nxb3 13. axb3 Qg6 14. Nd2 Be7 15.
f5 Qf6 16. Nf3 c6 17. Qe1 b4 18. Qg3 bxc3 19. bxc3 exd4 20. cxd4 d5 21. Nc3 Bb4
22. Ne5 Qg5 23. Qd3 dxe4 24. Nxe4 Bxf5 25. Rxf5 1-0

[Event "2.BLO 1516 MSA Zugzwang - SC Forchheim"]
[Site "?"]
[Date "2015.12.12"]
[Round "5.4"]
[White "Zysk, Robert"]
[Black "Schramm, Christian"]
[Result "1/2-1/2"]
[WhiteElo "2400"]
[BlackElo "2383"]
[PlyCount "53"]
[EventDate "2015.??.??"]

1. d4 Nf6 2. c4 e6 3. Nc3 Bb4 4. e3 O-O 5. Bd3 c5 6. Nge2 d5 7. cxd5 exd5 8.
O-O Nc6 9. a3 cxd4 10. exd4 Bd6 11. f3 h6 12. Be3 Ne7 13. Qc2 Re8 14. Bf2 Qc7
15. Bg3 Bd7 16. Rac1 Bxg3 17. hxg3 Rac8 18. Qd2 Qd6 19. g4 Nh7 20. Qf4 Qxf4 21.
Bxh7+ Kxh7 22. Nxf4 Rc4 23. Rcd1 f5 24. gxf5 Nxf5 25. Nfxd5 Bc6 26. Rfe1 Rxe1+
27. Rxe1 1/2-1/2

[Event "2.BLO 1516 MSA Zugzwang - SC Forchheim"]
[Site "?"]
[Date "2015.12.12"]
[Round "5.5"]
[White "Heidrich, Manfred"]
[Black "Gerigk, Erasmus"]
[Result "1/2-1/2"]
[WhiteElo "2343"]
[BlackElo "2392"]
[PlyCount "74"]
[EventDate "2015.??.??"]

1. e4 c5 2. c3 Nf6 3. e5 Nd5 4. d4 cxd4 5. cxd4 d6 6. Nf3 Nc6 7. Bc4 e6 8. O-O
Be7 9. Bd2 O-O 10. Nc3 Nb6 11. Bb5 Bd7 12. Bf4 Be8 13. a3 Rc8 14. Rc1 Na5 15.
Bd3 Bc6 16. Qe2 Bxf3 17. Qxf3 d5 18. Nb1 Qd7 19. Qe2 Nac4 20. Rc3 g6 21. Rfc1
a6 22. g3 Rc6 23. b3 Na5 24. Be3 Rfc8 25. Rxc6 Rxc6 26. Rxc6 Qxc6 27. Qc2 Nd7
28. Qxc6 Nxc6 29. f4 Na7 30. Kf2 Nb5 31. Bxb5 axb5 32. Ke2 b4 33. Bc1 Nb8 34.
axb4 Nc6 35. Bb2 Bxb4 36. Kd3 Be1 37. Bc3 Bxc3 1/2-1/2

[Event "2.BLO 1516 MSA Zugzwang - SC Forchheim"]
[Site "?"]
[Date "2015.12.12"]
[Round "5.6"]
[White "Lammers, Markus"]
[Black "Ott, Florian"]
[Result "1/2-1/2"]
[WhiteElo "2344"]
[BlackElo "2292"]
[PlyCount "84"]
[EventDate "2015.??.??"]

1. Nf3 c5 2. c4 g6 3. d4 cxd4 4. Nxd4 Nc6 5. Nc2 Bg7 6. e4 d6 7. Be2 Nf6 8. Nc3
O-O 9. O-O a5 10. Bg5 Be6 11. Qd2 a4 12. f3 Na5 13. Nd5 Nxd5 14. exd5 Bd7 15.
Nd4 Qb6 16. Be3 Qc7 17. Rac1 b6 18. f4 Nb7 19. f5 Nc5 20. Bh6 Ne4 21. Qe3 Bxh6
22. Qxh6 Qc5 23. Qe3 gxf5 24. Bd3 e5 25. Bxe4 Qxd4 26. Qxd4 exd4 27. Bxf5 Bxf5
28. Rxf5 a3 29. b3 Rae8 30. Rd1 Re2 31. Rf2 Re4 32. Rfd2 Rfe8 33. Kf1 R8e5 34.
Rd3 Kg7 35. R1d2 Rf5+ 36. Rf3 Rxf3+ 37. gxf3 Re3 38. Kf2 Rc3 39. Ke2 Re3+ 40.
Kf2 Rc3 41. Ke2 Re3+ 42. Kf2 Rc3 1/2-1/2

[Event "2.BLO 1516 MSA Zugzwang - SC Forchheim"]
[Site "?"]
[Date "2015.12.12"]
[Round "5.7"]
[White "Bartsch, Berthold"]
[Black "Hoffmeyer, Falk"]
[Result "0-1"]
[WhiteElo "2305"]
[BlackElo "2314"]
[PlyCount "98"]
[EventDate "2015.??.??"]

1. Nc3 d5 2. e4 c6 3. Nf3 Bg4 4. h3 Bxf3 5. Qxf3 Nf6 6. d3 e6 7. Be2 Bb4 8. O-O
Nbd7 9. Qg3 O-O 10. e5 Ne8 11. Bg4 Qc7 12. f4 g6 13. h4 Ng7 14. h5 Bc5+ 15. Kh1
gxh5 16. Bh3 f5 17. Ne2 Kh8 18. Qg5 Rf7 19. Qh6 Be7 20. Be3 Nf6 21. Nd4 Ng8 22.
Nxe6 Nxh6 23. Nxc7 Rc8 24. Nxd5 cxd5 25. Bxa7 Rxc2 26. Rfc1 Rxc1+ 27. Rxc1 Ne6
28. g3 Bd8 29. Bg2 Rd7 30. b4 h4 31. gxh4 Ng4 32. b5 Kg7 33. b6 Nf2+ 34. Kh2
Nxd3 35. Rg1 Kf7 36. Bh3 Ng7 37. Kg3 Ke6 38. Kf3 Nc5 39. Bf1 Ne4 40. Bb5 Rf7
41. Rc1 Nd2+ 42. Ke3 Nc4+ 43. Bxc4 dxc4 44. a4 Rd7 45. Rxc4 Rd5 46. Rc2 Kd7 47.
h5 Ne6 48. h6 Be7 49. Rg2 Bc5+ 0-1

[Event "2.BLO 1516 MSA Zugzwang - SC Forchheim"]
[Site "?"]
[Date "2015.12.12"]
[Round "5.8"]
[White "Brychcy, Felix"]
[Black "Doeres, Hans-Juergen"]
[Result "1/2-1/2"]
[WhiteElo "2047"]
[BlackElo "2209"]
[PlyCount "94"]
[EventDate "2015.??.??"]

1. e4 c5 2. Nf3 e6 3. d4 cxd4 4. Nxd4 Nc6 5. Nc3 Qc7 6. Be2 a6 7. Be3 Nf6 8.
O-O Bb4 9. Na4 Be7 10. c4 Nxe4 11. c5 O-O 12. Rc1 Rb8 13. Qd3 Nf6 14. Bg5 Nb4
15. Qc4 Nbd5 16. Bh4 d6 17. Bg3 e5 18. Nf3 b5 19. cxb6 Qb7 20. Qb3 Bd7 21. Nd2
Nxb6 22. Nxb6 Qxb6 23. Qxb6 Rxb6 24. Nc4 Rc6 25. Na5 Rb6 26. Nc4 Rbb8 27. Rcd1
Ne4 28. Nxe5 Ba4 29. b3 Nxg3 30. hxg3 dxe5 31. bxa4 Rb4 32. Rd7 Bc5 33. Rc7 Bd4
34. Bxa6 Rxa4 35. Bc4 Rb4 36. Bb3 Rb6 37. Rfc1 Rf6 38. R1c2 g5 39. Bd5 Rd8 40.
Rc8 Rxc8 41. Rxc8+ Kg7 42. Rc2 h5 43. Kf1 g4 44. f3 Kg6 45. Rc6 Rxc6 46. Bxc6
Kg5 47. a4 Bb6 1/2-1/2

[Event "2.BLO 1516 AE Magdeburg - Nickelhütte "]
[Site "?"]
[Date "2015.12.13"]
[Round "6.1"]
[White "Papp, Gabor"]
[Black "Degtiarev, Evgeny"]
[Result "1-0"]
[WhiteElo "2608"]
[BlackElo "2424"]
[PlyCount "85"]
[EventDate "2015.??.??"]

1. e4 e5 2. Nf3 Nc6 3. Bb5 Nf6 4. O-O Nxe4 5. d4 Nd6 6. Bxc6 dxc6 7. dxe5 Nf5
8. Qxd8+ Kxd8 9. h3 Ne7 10. c4 h6 11. Nc3 Be6 12. b3 c5 13. Bb2 Kd7 14. Rad1+
Kc6 15. Rd2 a5 16. a4 Re8 17. Kh2 b6 18. Rfd1 g5 19. Ne4 Bg7 20. Ng3 Rhf8 21.
Nh5 Bh8 22. g4 Ng6 23. Kg3 Bc8 24. Rd5 Be6 25. R5d3 Bc8 26. Re3 Rd8 27. Rde1
Rg8 28. Bc3 Kb7 29. Nf6 Rgf8 30. h4 Bxf6 31. exf6 gxh4+ 32. Nxh4 Rg8 33. f3 Nf8
34. Re5 Rd3 35. R1e3 Rxe3 36. Rxe3 Be6 37. Re5 Nd7 38. Rh5 c6 39. Ng2 b5 40.
Nf4 Re8 41. Rxh6 bxa4 42. Nxe6 axb3 43. Rh7 1-0

[Event "2.BLO 1516 AE Magdeburg - Nickelhütte "]
[Site "?"]
[Date "2015.12.13"]
[Round "6.2"]
[White "Andre, Gordon"]
[Black "Prohaszka, Peter"]
[Result "0-1"]
[WhiteElo "2267"]
[BlackElo "2607"]
[PlyCount "64"]
[EventDate "2015.??.??"]

1. d4 d5 2. c4 dxc4 3. e3 e5 4. Bxc4 exd4 5. Nf3 Bb4+ 6. Kf1 Nc6 7. exd4 Nf6 8.
a3 Bd6 9. d5 Ne7 10. Nc3 h6 11. h3 O-O 12. Nd4 Be5 13. Nde2 a6 14. Be3 b5 15.
Bb3 Bb7 16. f4 Bxc3 17. Nxc3 Nexd5 18. Bxd5 Nxd5 19. Nxd5 Bxd5 20. Qh5 Re8 21.
Kf2 c6 22. Rhe1 Qf6 23. b4 Re4 24. Rad1 Rd8 25. g3 Qb2+ 26. Qe2 Qxa3 27. Qd2
Rxb4 28. Ra1 Qb3 29. Rxa6 Rc4 30. Re2 Rc3 31. Ra1 Rd3 32. Qc1 Qb4 0-1